00758nam a22002177a 450000500170000001000150001702000260003203500140005803700090007208200090008110000280009024500340011825000060015226000590015827001020021730000200031970000100033994200230034999900190037295201490039120241023121656.0 aENG-142312 c450.00a9789393701879 aEN-125844 bDBAD aS21 aAsnani, Himanshu973218 aHorizons/cby Himanshu Asnani a1 aGurugrambHachette Book Publishing India Pvt.Ltdc2024 bGurugrama4th & 5th Floors, Corporate Centre Plot No.94, Sector44,e122003mwww.hachetteindia.com a182p.c20cm(pb) 973216 2ddccENhSmASNe1 c206610d206610 001040708FICaMPbMPd2024-10-23eDelivery of Books Act Divisiong450.00l0oS ASNpEN-125844r2024-10-23 00:00:00t1v450.00w2024-10-23yEN